Normal view
MARC view
Entry Nombre personal
001 - NÚMERO DE CONTROL
- campo de control: 88758
003 - IDENTIFICADOR DEL NÚMERO DE CONTROL
- campo de control: DO-SdBNP
005 - FECHA Y HORA DE LA ÚLTIMA TRANSACCIÓN
- campo de control: 20251031121301.0
008 - DATOS DE LONGITUD FIJA
- campo de control de longitud fija: 251031|| aca||aabn | a|a d
040 ## - FUENTE DE LA CATALOGACIÓN
- Centro catalogador/agencia de origen: DO-SdBNP
- Centro/agencia transcriptor: DO-SdBNP
100 ## - ENCABEZAMIENTO-NOMBRE DE PERSONA
- Nombre de persona: Dorsonne, Roland
- Fechas asociadas al nombre: 1977-
670 ## - FUENTE DE DATOS ENCONTRADOS
- Cita de la fuente: Work cat.: (DO-SdBNP)59993: Dorsonne, Roland 1977- autor aut., Kreyòl mwen ak espanyòl mwen nan bouch mwen Mi creole y mi español están en mi boca
